Carta a los Efesios

Guardat en:
Dades bibliogràfiques
Autor principal: Zerwick, Max (Autor)
Format: Llibre
Idioma:espanyol
Publicat: Barcelona Herder 1967
Col·lecció:El Nuevo Testamento y su Mensaje, 10
Matèries:
Etiquetes: Afegir etiqueta
Sense etiquetes, Sigues el primer a etiquetar aquest registre!

MARC

LEADER 00000nam a2200000 a 4500
001 UCL1702
003 CL-VaPUC
008 030926e19670000SP |||||||||||||||||spa|d
082 0 4 |a 227.5  |b ZER  |2 21 
100 0 |a Zerwick, Max  |e author  |9 478525 
245 1 0 |a Carta a los Efesios 
300 |a 186 p 
942 |c BK 
945 |d 20030926 00:00:00  |a rbrito 
260 |a Barcelona  |b Herder  |c 1967 
650 0 |a Epístolas  |9 321181 
650 0 |a Nuevo testamento  |9 257604 
583 |a last modification  |c 20030926 00:00:00  |k Rodrigo Vera 
490 0 |a El Nuevo Testamento y su Mensaje, 10 
999 |c 305143  |d 305141 
952 |0 0  |1 0  |4 0  |6 227_500000000000000_ZER_1967  |7 0  |8 A  |9 368230  |a BIBTEO  |b BIBTEO  |d 2019-11-21  |i 2081377  |l 1  |o 227.5 ZER 1967  |p 2081377  |r 2025-01-17  |s 2022-08-30  |w 2019-11-21  |y BK  |k ICR